Einsatzfahrzeuge Feuerwehr - Statistiken

Allgemein
  • Dieses Quiz wurde 238 mal gespielt
  • Das Durchschnittsergebnis liegt bei 13 aus 14
Antwortstatistiken
Hint Antwort % Korrekt
Kleinlöschfahrzeug KLF
99%
Mittleres Löschfahrzeug MLF
99%
Rüstwagen RW
99%
Tanklöschfahrzeug TLF
99%
Einsatzleitwagen ELW
98%
Gerätewagen GW
98%
Hilfeleistungslöschgruppenfahrzeug HLF
98%
Löschgruppenfahrzeug LF
97%
Mannschaftstransportwagen MTW
97%
Abrollbehälter AB
96%
Wechselladerfahrzeug WLF
95%
Tragkraftspritzenfahrzeug TSF
94%
Teleskopmasten TM
86%
Drehleiter DLK
83%
Keine übereinstimmenden Quizze gefunden
Verteilung der Resultate
Anzahl Personen mit jedem Resultat
Perzentil nach korrekt beantworteten Fragen
Ihre Resultats-Entwicklung
Sie haben dieses Quiz noch nicht gespielt